Statistics for The Longest Reigning Monarchs in History

Click here to take the quiz!

General Stats

  • This quiz has been taken 22 times
    (13 since last reset)
  • The average score is 10 of 24

Answer Stats

CountryReignMonarch% Correct
United Kingdom1952-presentElizabeth II
100%
United Kingdom1837-1901Victoria
100%
France1643-1715Louis XIV
92%
France1715-1774Louis XV
92%
Japan1926-1989Hirohito
83%
Great Britain and Ireland/ United Kingdom1760-1820George III
75%
Scotland1567-1625James VI
58%
Austria/Austria-Hungary1848-1916Franz Joseph I
50%
Thailand1946-2016Bhumibol Adulyadej
42%
Brazil1831-1889Pedro II
42%
Netherlands1890-1948Wilhelmina
33%
Byzantine Empire960-1025Basil II
25%
Byzantine Empire962-1028Constantine VIII
25%
Sicily1759-1825Ferdinand III
25%
Liechtenstein1858-1929Johann II
25%
Denmark-Norway1588-1648Christian IV
17%
Schwarzburg-Rudolstadt1807-1867Friedrich Günther
17%
Palenque615-683K'inich Janaab' Pakal I
17%
Montenegro1860-1918Nicholas I
17%
China1735-1796Hongli
8%
Monaco1523-1581Honoré I
8%
Monaco1733-1793Honoré III
8%
Aragon1213-1276James I
8%
China1661-1722Xuanye
8%

Score Distribution

Percentile by Number Answered

Percent of People with Each Score

Your Score History

You have not taken this quiz since the last reset